LEADER 00763nam0-22002771i-450- 001 990007494660403321 005 20050627113856.0 035 $a000749466 035 $aFED01000749466 035 $a(Aleph)000749466FED01 035 $a000749466 100 $a20030814d1972----km-y0itay50------ba 101 0 $aeng 102 $aUS 200 1 $aAtmospheric circulation$esystems and climates$fJen-hu Chang 210 $aHonolulu$cOriental publish$dc 1972 215 $aIX, 328 p.$cill.$d24 cm 610 0 $aClimatologia 700 1$aChang,$bJen-Hu$0270901 801 0$aIT$bUNINA$gRICA$2UNIMARC 901 $aBK 912 $a990007494660403321 952 $aB-08-057$bIst.9996$fILFGE 959 $aILFGE 996 $aAtmospheric circulation$9676065 997 $aUNINA